000 005160000a22001930004500
003 LK-CoMWRAF
005 20231013092752.0
008 230817t ||||| |||| 00| 0 eng d
020 _a8171012361
040 _aLK-CoMWRAF
_dLK-CoMWRAF
_eLK-CoMWRAF
041 _aeng
082 _a297.273
_bUSM
100 _aUsmani, Mufti Muhammad Taqi
245 _aAn Introduction to Islamic finance
260 _aNew Delhi :
_bIdara Isha'at-E-Diniyat (P) Ltd,
_c1999
300 _a246p
650 _aIslam-Finance
942 _cBK
999 _c942
_d942